Úradné noviny

Salvato in:
Dettagli Bibliografici
Natura: Periodico
Lingua:slovacco
Pubblicazione: Bratislava Prezídium ministerskej rady 1942
Tags: Aggiungi Tag
Nessun Tag, puoi essere il primo ad aggiungerne!!

MARC

LEADER 00000nas2a2200000$$$4500
001 0010795
005 20250730114257.9
041 0 |a slo 
044 |a SK 
245 1 0 |a Úradné noviny 
264 1 |a Bratislava  |b Prezídium ministerskej rady  |c 1942 
300 |a 1 zv. 
773 0 |w eu_un_cat*0010790